VÝZNAM LABORATÓRNEJ DIAGNOSTIKY ĽUDSKÝCH PAPILOMAVÍRUSOV

Bibliographic Details
Main Authors: Kolníková, Georgína (Author), Kolník, Peter (Author)
Format: Article
Language:Slovak

MARC

LEADER 00000nab a2200000ua 4500
001 vtls010818390
003 SK-MaSNL
005 20260303102953.0
008 230121s2008 xo |||||||||||||||||slo|
035 |a (urnnbn)urn:nbn:sk:snk:ar-a05q4n 
035 |a urn:nbn:sk:snk-ab5mb7 
035 |a (uuid)3a86b27f-edaf-4779-adcc-9a9e790932b2 
040 |a SNKBUCL  |b slo  |c SNKBUCL  |e AACR2 
041 0 |a slo 
044 |a xo  |c SK 
100 1 |a Kolníková, Georgína  |4 aut  |9 794919 
245 1 0 |a VÝZNAM LABORATÓRNEJ DIAGNOSTIKY ĽUDSKÝCH PAPILOMAVÍRUSOV  |c Georgína Kolníková, Peter Kolník 
246 3 |a THE IMPORTANCE OF LABORATORY DIAGNOSTICS OF HUMAN PAPILLOMAVIRUSES 
700 1 |a Kolník, Peter  |4 aut  |9 300365 
773 0 |t Onkológia  |g Roč. 3, č. 4 (2008), s. 233-236 
954 |a odborná, vedecká literatúra pôvodná (slovenská)  |2 lita 
958 |a OND 
958 |a EUIPO 
958 |a article5 
999 |c 1846231  |d 1848161